Where I live now / (Record no. 24940)
[ view plain ]
| 000 -LEADER | |
|---|---|
| fixed length control field | 01202cam a2200301 a 4500 |
| 001 - CONTROL NUMBER | |
| control field | 740015 |
| 005 - DATE AND TIME OF LATEST TRANSACTION | |
| control field | 20170130124157.0 |
| 008 - FIXED-LENGTH DATA ELEMENTS--GENERAL INFORMATION | |
| fixed length control field | 990224s1999 caua 000 1 eng |
| 010 ## - LIBRARY OF CONGRESS CONTROL NUMBER | |
| LC control number | 99013108 |
| 020 ## - INTERNATIONAL STANDARD BOOK NUMBER | |
| International Standard Book Number | 157423093X (signed cloth : alk. paper) |
| 020 ## - INTERNATIONAL STANDARD BOOK NUMBER | |
| International Standard Book Number | 1574230921 (cloth trade : alk. paper) |
| 020 ## - INTERNATIONAL STANDARD BOOK NUMBER | |
| International Standard Book Number | 1574230913 (paper : alk. paper) |
| 043 ## - GEOGRAPHIC AREA CODE | |
| Geographic area code | n-us--- |
| 050 00 - LIBRARY OF CONGRESS CALL NUMBER | |
| Classification number | PS3552 .E72485W48 1999 |
| 100 1# - MAIN ENTRY--PERSONAL NAME | |
| Personal name | Berlin, Lucia. |
| 245 10 - TITLE STATEMENT | |
| Title | Where I live now / |
| Statement of responsibility, etc. | Lucia Berlin. |
| 260 ## - PUBLICATION, DISTRIBUTION, ETC. (IMPRINT) | |
| Place of publication, distribution, etc. | Santa Rosa, CA : |
| Name of publisher, distributor, etc. | Black Sparrow Press, |
| Date of publication, distribution, etc. | 1999. |
| 300 ## - PHYSICAL DESCRIPTION | |
| Extent | 240 p. : |
| Other physical details | ill. ; |
| Dimensions | 24 cm. |
| 590 ## - LOCAL NOTE (RLIN) | |
| Local note | LC copy numbered and signed by the author: no. 79. |
| 651 #0 - SUBJECT ADDED ENTRY--GEOGRAPHIC NAME | |
| Geographic name | United States |
| General subdivision | Social life and customs |
| Chronological subdivision | 20th century |
| Form subdivision | Fiction. |
| 942 ## - ADDED ENTRY ELEMENTS (KOHA) | |
| Source of classification or shelving scheme | |
| Koha item type | Hard Covered Materials |
No items available.